Oceania Map Click Quiz in Chinese - Statistics

General Stats
  • This quiz has been taken 35 times
    23 since last reset
  • The average score is 12 of 14
Answers on the Map
Answers color-coded by a green-red scale on the quiz's map according to % correct below.
 
Answer Stats
Answer % Correct
Àodàlìyǎ
100%
Fěijì
100%
Suǒluómén qúndǎo
100%
Bābùyǎ xīn jǐnèiyǎ
92%
Jīlǐbāsī
92%
Pà láo
85%
Wǎnǔ'ātú
85%
Mǎshào'ěr qúndǎo
77%
Mì kè luó ní xī yà
77%
Nǎo lǔ
77%
Sàmó yǎ
77%
Tú wǎ lú
77%
Tāngjiā
69%
Xīnxīlán
69%
No matching quizzes found
Score Distribution
Percent of People with Each Score
Percentile by Number Answered
Your Score History
You have not taken this quiz since the last reset